1843 1635 1002 1158 1171 1417 1458 1643 1840 1454 1801 1752 1962 1908 1760 1716 1247 1047 1482 1308 1270 1388 1899 1278 1907 1701 1102 1459 1675 1433 1907 1037 1499 1404 1291 1635 1437 1290 1053 1074 1300 1668 1227 1466 1493 1337 1047 1554 1460 1527 1670 1313 1185 1443 1171 1199 1292 1874 1994 1422 1239 1887 1135 1833 1398 1347 1522 1175 1264 1946 1136 1908 1011 1948 1122 1492 1129 1647 1818 1860 1840 1283 1868 1069 1077 1568 1160 1642 1257 1177 1960 1741 1046 1354 1868 1079 1421 1069 1822 BCNSPRNW ULIB Ver.6.0+V

เปลี่ยนเป็นภาษาไทย

Change to English
 แสดงรายละเอียดบรรณานุกรม
  กลับหน้าหลัก

Brief Record : Get Marc (ISO 2709) : E-mail record : QR code < ปิดหน้าต่าง
LEADER : 00000nam 2200000uu 4500
001    13399126538
003     ULIB
008    181019s2016||||th 000 0 tha d
020    ^a9781107687288
050    ^aPE1127.M4^bS117U
100    ^aSabina Ostrowska
245    ^aUnlock Listening and Speaking Skills 3 Student s Book and Online Workbook /^cSabina Ostrowska
250    ^a10th ed
260    ^aLondon :^bCambridge University Press,^c2016
300    ^a222 pages;^c26 cm
650    ^aListening
650  0 ^aSpeaking
945    ^p0^l0^i26806
999    ^aกัณชพร จุลอักษร
รายการนี้ยังไม่มีแท็ก
คุณยังไม่ได้ล็อกอิน คุณสามารถมีกิจกรรมร่วมกับเว็บไซต์ได้ แต่ต้องล็อกอินก่อน ::
  ล็อกอิน

รายการสื่อสารสนเทศ

ลำดับที่ ประเภท เลขเรียก/บาร์โค้ด สถานที่ สถานะ
1. วิทยาศาสตร์การแพทย์ และสุขภาพ
วิทยาศาสตร์การแพทย์ และสุขภาพ
PE1127.M4 S117U ฉ.1 
  Barcode: 26806
ห้องสมุดวิทยาเขตนครสวรรค์
►หนังสือทั่วไป:l:General Books
บนชั้น

รายการใกล้เคียง
    ผู้แต่ง [Sabina Ostrowska]

    หัวเรื่อง [Listening]
    หัวเรื่อง [Speaking]

BibComment


ยังไม่เคยถูกคอมเมนท์

คอมเมนท์ทรัพยากรรายการนี้
  คอมเมนท์: Unlock Listening..


 Copyright 2026. Bcnsprnw @Library